Serie A: 50+ Assists - Statistics

General Stats
  • This quiz has been taken 25 times
  • The average score is 22 of 26
Answer Stats
Ranking Player Positions Nationality Matches Goals (assists) Periods Clubs % Correct
4 Andrea Pirlo MF 418 48 (82) 2000-2015
100%
5 Domenico Berardi MF, FW 314 122 (78) 2013-2024
100%
1 Francesco Totti MF, FW 446 207 (115) 2000-2017
100%
7 Lorenzo Insigne MF, FW 337 96 (76) 2009-2010, 2012-2022
100%
6 Marek Hamšík MF 409 100 (78) 2004-2005, 2007-2019
100%
8 Miralem Pjanić MF 281 42 (68) 2011-2020
100%
10 Paulo Dybala MF, FW 348 129 (65) 2012-2013, 2014-2025
100%
15 Pavel Nedvěd MF 245 47 (60) 2000-2005, 2007-2009
100%
16 Zlatan Ibrahimović FW 283 156 (59) 2004-2008, 2010-2011, 2019-2023
100%
13 Dries Mertens MF, FW 294 113 (60) 2013-2022
94%
20 Hakan Çalhanoğlu MF, FW 262 50 (57) 2017-2025
94%
22 Josip Iličić MF, FW 339 96 (56) 2010-2022
94%
14 Juan Cuadrado DF, MF, FW 395 43 (60) 2009-2025
94%
21 Alessandro Del Piero MF, FW 313 128 (56) 2000-2005, 2007-2012
89%
17 José Callejón MF, FW 305 65 (58) 2013-2022
89%
23 Kaká MF, FW 223 77 (55) 2003-2008, 2013-2014
89%
12 Luis Alberto MF, FW 242 47 (61) 2016-2024
89%
9 Papu Gómez MF, FW 317 66 (68) 2010-2012, 2014-2020, 2023-2024
89%
2 Antonio Cassano FW 377 110 (88) 2000-2005, 2007-2016
83%
11 Antonio Di Natale FW 444 209 (64) 2002-2016
78%
18 Rodrigo Palacio MF, FW 357 93 (58) 2009-2021
78%
3 Antonio Candreva DF, MF, FW 502 85 (86) 2007-2008, 2009-2024
67%
26 Dejan Stanković MF 323 44 (50) 2000-2013
67%
24 David Pizarro MF 369 28 (54) 2000-2015
56%
19 Fabrizio Miccoli FW 259 103 (57) 2002-2004, 2007-2013
44%
25 Andrea Cossu MF 257 11 (50) 2005-2006, 2007-2014, 2017-2018
28%
No matching quizzes found
Score Distribution
Percent of People with Each Score
Percentile by Number Answered
Your Score History
You have not taken this quiz